Normal view
MARC view
Entry Personal Name
001 - CONTROL NUMBER
- control field: 36202
003 - CONTROL NUMBER IDENTIFIER
- control field: ARRUPE
005 - DATE AND TIME OF LATEST TRANSACTION
- control field: 20170926114209.0
008 - FIXED-LENGTH DATA ELEMENTS
- fixed length control field: 170926|| aca||aabn | a|a d
040 ## - CATALOGING SOURCE
- Original cataloging agency: ARRUPE
- Transcribing agency: ARRUPE
100 ## - HEADING--PERSONAL NAME
- Personal name: Ray, Dora [et al]
670 ## - SOURCE DATA FOUND
- Source citation: Work cat.: (ARRUPE): Ray, Dora [et al], Season of Bars, [n.d]